| 000 | 00499nam a22001811a 4500 | ||
|---|---|---|---|
| 001 | 245 | ||
| 003 | OSt | ||
| 005 | 20260204211645.0 | ||
| 008 | 031124s1996||||dr ||||||b||||||||||spa|| | ||
| 050 | _aRD 347.077 C76s | ||
| 082 | _aRD 347.077 C76s | ||
| 245 | _aConferencias sobre vías de ejecución (Santo Domingo): Del 30 de octubre al 1 de noviembre | ||
| 250 | _a3 | ||
| 264 | _aSanto Domingo : Universo | ||
| 300 | _a161 p | ||
| 650 | _a1.Ejecución-Sentencia-Rep. DominicanaÌ | ||
| 942 |
_2ddc _cBK |
||
| 999 |
_c245 _d245 |
||